| 000 | 00561nam a2200181 i 4500 | ||
|---|---|---|---|
| 001 | 56393 | ||
| 003 | ES-MaACL | ||
| 005 | 20230906163346.0 | ||
| 007 | t| | ||
| 008 | 031008s1985 sp ||||1| spa d | ||
| 020 | _a84-7162-979-8 | ||
| 100 | 1 |
_aDíez Ripollés, José Luis. _944764 |
|
| 245 | 1 | 3 |
_aLa protección de la libertad sexual _b: insuficiencias actuales y propuestas de reforma / _cJosé Luis Díez Ripollés. |
| 250 | _a[1ª ed.]. | ||
| 260 |
_aBarcelona : _bBosch, _c1985. |
||
| 300 |
_a225 p. ; _c22 cm. |
||
| 852 |
_aES-MaACL _jL-10511 _bR.111580 |
||
| 999 |
_c56393 _d56393 |
||